personnages de séries par images - Statistiques

Statistiques générales
  • Ce quiz a été pris 122 fois
  • Le résultat moyen est 6 sur 16
Statistiques - réponses
Par images Réponse % Correct
blair
72%
caroline
56%
nancy
55%
scott
55%
abby
54%
paxton
44%
spencer
44%
rafe
42%
marseille
34%
brooke
29%
kate
24%
echo
18%
logan
17%
yennefer
13%
ruby
5%
james
4%
Aucun quiz correspondant
Distribution des résultats
% des personnes avec chaque résultat
Percentile par nombre de réponses
Votre historique - résultats
Vous n’avez pas pris ce quiz